000 00759nam a2200217 i 4500
001 180964
003 ES-MaACL
005 20230906221230.0
008 120913q19951999sp |||| | spa d
080 _a75 Olaverri, Lorenzo
100 1 _aOlaverri, Lorenzo.
_9151415
245 1 0 _aOlaverri
_b: misterios dolorosos.
260 _aMadrid :
_b[s.n.],
_c[199-?]
300 _a[8] p. :
_bil. ;
_c21 cm.
500 _aFolleto de la exposición celebrada en el Comodor "Ave María", Familia Trinitaria en Madrid, del 13 de mayo al 15 de junio de 199-?
600 1 4 _aOlaverri, Lorenzo-
_vExposiciones.
_9151416
655 7 _2tgfbne
_9193628
_aCatálogos de exposiciones
852 _aES-MaACL
_j2316-F-8
942 _2udc
999 _c180964
_d180964